El Centenario del libertador Simón Bolívar en Curaçao. (Record no. 37485)

MARC details
000 -LEADER
campo de control de longitud fija 00594nam a2200181 i 4500
001 - NÚMERO DE CONTROL
campo de control 37485
003 - IDENTIFICADOR DE NÚMERO DE CONTROL
campo de control ES-MaACL
005 - FECHA Y HORA DE LA ÚLTIMA TRANSACCIÓN
campo de control 20250928102030.0
007 - CAMPO FIJO DE DESCRIPCIÓN FÍSICA--INFORMACIÓN GENERAL
campo de control de longitud fija t|
008 - DATOS DE LONGITUD FIJA--INFORMACIÓN GENERAL
campo de control de longitud fija 030306s1883 na ||||1| spa d
080 ## - NÚMERO DE LA CLASIFICACIÓN DECIMAL UNIVERSAL
Número de la Clasificación Decimal Universal 929 Bolivar, Simón (067.5)
245 03 - MENCIÓN DEL TÍTULO
Título El Centenario del libertador Simón Bolívar en Curaçao.
260 ## - PUBLICACIÓN, DISTRIBUCIÓN, ETC.
Lugar de publicación, distribución, etc. Curaçao :
Nombre del editor, distribuidor, etc. [s.n.],
Fecha de publicación, distribución, etc. 1883 (
Fabricante Imprenta de la Librería de A. Bethencourt e Hijos)
300 ## - DESCRIPCIÓN FÍSICA
Extensión 108 p. ;
Dimensiones 22 cm.
600 17 - PUNTO DE ACCESO ADICIONAL DE MATERIA--NOMBRE DE PERSONA
Nombre de persona Bolivar, Simón,
Fechas asociadas al nombre 1783-1830-
Subdivisión de forma Aniversarios y centenarios
Fuente del encabezamiento o término
9 (RLIN) 142693
852 ## - LOCALIZACIÓN
Ubicación ES-MaACL
Número de control de estantería T-432-F-2
Holdings
Estatus retirado Estado de pérdida Estado de daño No para préstamo Colección Biblioteca de origen Biblioteca actual Ubicación en estantería Fecha de adquisición Fuente de adquisición Total de préstamos Signatura topográfica completa Código de barras Visto por última vez Precio de reemplazo Tipo de ítem Koha
        Colección de folletos Biblioteca del Ateneo de Madrid Biblioteca del Ateneo de Madrid Depósito folletos 17/01/2008     T-432-F-2 1039452 23/02/2023 23/02/2023 Folleto